000 00387nam a2200169Ia 4500
008 170705s9999 xx 000 0 und d
020 _a43912042x
245 _aEsperanza rising /
245 _cPam Muñoz Ryan.
260 _aNew York :
260 _bScholastic,
260 _c2000
300 _a262 pages :
300 _bcolor illustration ;
300 _c19cm.
500 _a750
999 _c336333
_d336333